A STUDY TO ASSESS THE KNOWLEDGE REGARDING ANTICOAGULATION THERAPY AMONG PATIENTS ATTENDING CARDIAC CLINICS OF PUNE CITY. (Record no. 532097)

MARC details
000 -LEADER
fixed length control field 00487pam a2200157a 44500
008 - FIXED-LENGTH DATA ELEMENTS--GENERAL INFORMATION
fixed length control field 230515b2019 xxu||||| |||| 00| 0 eng d
020 ## - INTERNATIONAL STANDARD BOOK NUMBER
International Standard Book Number NULL
041 ## - LANGUAGE CODE
Language code of text/sound track or separate title ENGLISH
082 ## - DEWEY DECIMAL CLASSIFICATION NUMBER
Classification number 610.0
100 ## - MAIN ENTRY--PERSONAL NAME
Personal name MS. NAOREM JITESWORI DEVI
245 ## - TITLE STATEMENT
Title A STUDY TO ASSESS THE KNOWLEDGE REGARDING ANTICOAGULATION THERAPY AMONG PATIENTS ATTENDING CARDIAC CLINICS OF PUNE CITY.
250 ## - EDITION STATEMENT
Edition statement 1
260 ## - PUBLICATION, DISTRIBUTION, ETC.
Place of publication, distribution, etc. PUNE
Name of publisher, distributor, etc. BHARATI VIDYAPEETH DEEMED UNIVERSITY, PUNE,
Date of publication, distribution, etc. 2019
300 ## - PHYSICAL DESCRIPTION
Extent 112
650 ## - SUBJECT ADDED ENTRY--TOPICAL TERM
Topical term or geographic name entry element NULL
Holdings
Withdrawn status Lost status Source of classification or shelving scheme Damaged status Not for loan Home library Current library Date acquired Source of acquisition Cost, normal purchase price Total Checkouts Full call number Barcode Date last seen Date last checked out Price effective from Koha item type
    Dewey Decimal Classification     College of Nursing, Pune College of Nursing, Pune 03/03/2021 BHARATI VIDYAPPEETH 1.00 15 610.0 NCP-R-283 29/04/2025 19/04/2025 28/06/2023 Theses